00562nam a2200193 a 4500001001300000003000900013005001700022008004100039020001000080082001300090100002500103245007000128260003200198300000900230500003500239505005900274650001000333700002500343nice12345678IN_TiNIC20260116013022.0050524s1905 dela grp 000 0 ara  ac10000a160bABD aAbdul Ahad, Mohammad aMajmua Al-Minhiyatul-Qazi, Li Maulana Mohammad Yousuf Al-Hashiyah aDelhibMujtabai Pressc1905 a284p aincludes index and biblioraphy2 amaulana hafiz daraz al-hashiyatah/Al-minhiyal-al-salam aLogic1 aAbdul Ahad, Mohammad